Video Game by Screenshots 8 - Statistics

General Stats
  • This quiz has been taken 20 times
  • The average score is 6 of 16
Answer Stats
Picture Answer % Correct
ARK
88%
Elden Ring
82%
Red Dead Redemption 2
59%
PC Building Simulator
47%
Flight Simulator
41%
SPORE
41%
Bannerlord
35%
Teardown
35%
Baldur's Gate 3
24%
BeamNG Drive
24%
Crusader Kings 3
24%
Manor Lords
24%
MudRunner
18%
SnowRunner
18%
Voor De Kroon
12%
Medieval Dynasty
6%
No matching quizzes found
Score Distribution
Percent of People with Each Score
Percentile by Number Answered
Your Score History
You have not taken this quiz